|
|
|
|
| LEADER |
01488nam a22003373u 4500 |
| 001 |
10104500 |
| 003 |
upatras |
| 005 |
20210117204101.0 |
| 008 |
991022s eng |
| 020 |
|
|
|a 0 89791 808 8
|
| 040 |
|
|
|a Βιβλιοθήκη ΕΑΙΤΥ
|c Βιβλιοθήκη ΕΑΙΤΥ
|
| 041 |
0 |
|
|a eng
|
| 245 |
1 |
0 |
|a Tri-Ada '96
|b Proceedings. Conference the Annual meeting of the ADA programming world Philadelphia, Pennsylvania, December 3-7, 1996
|
| 260 |
|
|
|a New York
|b Association for Computing Machinery
|c c1996
|
| 300 |
|
|
|a xiv,286p.
|b fig.
|
| 500 |
|
|
|a περιέχει βιβλιογραφικές αναφορές
|
| 650 |
|
4 |
|a ACM
|9 24250
|
| 650 |
|
4 |
|a ADA LANGUAGE
|9 113059
|
| 650 |
|
4 |
|a ADA LANGUAGE
|9 113059
|
| 650 |
|
4 |
|a PROCEEDINGS
|9 24278
|
| 650 |
|
4 |
|a PROGRAMMING LANGUAGES
|9 24271
|
| 650 |
|
4 |
|a SIGADA
|9 24448
|
| 650 |
|
4 |
|a ΓΛΩΣΣΕΣ ΠΡΟΓΡΑΜΜΑΤΙΣΜΟΥ
|9 113043
|
| 650 |
|
4 |
|a ΠΡΑΚΤΙΚΑ ΣΥΝΕΔΡΙΩΝ
|9 113060
|
| 650 |
|
4 |
|a ΤRIADA
|9 122183
|
| 710 |
2 |
|
|a ACM/SIGADA
|4 fnd
|9 116839
|
| 710 |
2 |
|
|a The Software Engineering Institute and Defense Information Systems Agency
|4 fnd
|9 122184
|
| 852 |
|
|
|a GR-PaULI
|b ΠΑΤΡΑ
|b ΤΜΗΥΠ
|h 005.133
|t 1
|
| 942 |
|
|
|2 ddc
|
| 952 |
|
|
|0 0
|1 0
|2 ddc
|4 0
|6 005_133000000000000_TRI
|7 0
|8 NFIC
|9 134629
|a LISP
|b LISP
|c ALFf
|d 2016-04-24
|l 0
|o 005.133 TRI
|p 025000282643
|r 2016-04-24 00:00:00
|t 1
|w 2016-04-24
|y BK15
|x Μεταφορά από Τμ. Μηχανικών ΗΥ & Πληροφορικής
|
| 999 |
|
|
|c 88139
|d 88139
|